000 00444nmm a2200157Ia 4500
008 251105s9999||||xx |||||||||||||||||und||
020 _a9788498385977
041 _aspa
100 _aCamilleri, Andrea
245 0 _aUn sábado con los amigos
264 _a[Madrid, España] :
_bEdiciones Salamandra,
_c2014
300 _a160 páginas
650 _aOther narratives
856 _uhttps://public.digitaliapublishing.com/a/48293
942 _cCF
999 _c91775
_d91775